LEADER 02675nam 2200517 450 001 9910819669503321 005 20230415192927.0 035 $a(CKB)4100000008692676 035 $a(Safari)9788483568859 035 $a(OCoLC)884981742 035 $a(OCoLC)ocn884981742 035 $a(WaSeSS)IndRDA00116106 035 $a(MiAaPQ)EBC6883457 035 $a(Au-PeEL)EBL6883457 035 $a(CaSebORM)9788483568859 035 $a(EXLCZ)994100000008692676 100 $a20230415d2014 uy 1 101 0 $aspa 135 $aurunu||||| 181 $ctxt$2rdacontent 182 $cc$2rdamedia 183 $acr$2rdacarrier 200 10$aDentro de 15 An?os $e¿Escenarios Improbables? /$fFrancisco Abad 205 $aPrimera edición: marzo de 2014 210 1$aMadrid, Espan?a :$cLID Editorial Empresarial, S.L,$d[2014] 210 4$d©2014 215 $a1 online resource ( 1 v.) $cill 225 1 $aBiblioteca empresa y sociedad 311 $a84-8356-884-5 311 $a84-8356-885-3 320 $aIncludes bibliographical references. 330 $a«Aventurar el futuro es una tentación apasionante que nos traslada a un mundo mágico. Me fascina tanto que confieso mi afición a provocar la generación de ideas y casualidades explorando activamente escenarios disruptivos». Los grandes foros sobre prospectiva se limitan a la agenda política y económica global sin apenas considerar la psicología o la sociología. Por eso la Fundación Empresa y Sociedad aspira a impulsar un debate abierto sobre cómo evolucionaremos si situamos a la persona en el centro. Lo hace con la colaboración y las ideas de 28 expertos en tres ámbitos: l Sociedad y tecnología. l Economía y empresa. l Raíces personales. Dentro de 15 años es un libro para los que no se limitan a pensar que todo será una evolución lineal del presente y apuestan por tomar la iniciativa de su existencia en vez de resignarse, quejándose, a las vidas que pretenden construir por ellos unas instituciones inmersas en un profundo proceso de revisión. Con sugerencias como generar alternativas al sector público, el privado y el tercer sector. En un tono optimista y de apuesta por el progreso, porque la historia está llena de pronósticos pesimistas incumplidos. 410 0$aBiblioteca empresa y sociedad 606 $aProspecting 606 $aSocial change 615 0$aProspecting. 615 0$aSocial change. 676 $a622.1 700 $aAbad$b Francisco$0447177 801 0$bMiAaPQ 801 1$bMiAaPQ 801 2$bMiAaPQ 906 $aBOOK 912 $a9910819669503321 996 $aDentro de 15 An?os$94061599 997 $aUNINA LEADER 03871nam 2200625Ia 450 001 9910962016503321 005 20240416064614.0 010 0 $a9780191522390 010 0 $a0191522392 035 $a(MiAaPQ)EBC7036765 035 $a(CKB)24235084500041 035 $a(MiAaPQ)EBC3052816 035 $a(Au-PeEL)EBL3052816 035 $a(CaPaEBR)ebr10273277 035 $a(CaONFJC)MIL197074 035 $a(OCoLC)646792987 035 $a(OCoLC)41257039 035 $a(FINmELB)ELB164750 035 $a(Au-PeEL)EBL7036765 035 $a(OCoLC)823840587 035 $a(EXLCZ)9924235084500041 100 $a19990426d1999 uy 0 101 0 $aeng 135 $aur||||||||||| 181 $ctxt$2rdacontent 182 $cc$2rdamedia 183 $acr$2rdacarrier 200 00$aComputational methods for the study of dynamic economies /$fedited by Ramon Marimon, Andrew Scott 205 $a1st ed. 210 $aOxford [England] ;$aNew York $cOxford University Press$d1999 215 $axi, 280 p. $cill 225 1 $aOxford scholarship online 300 $aPapers presented at the 7th Summer School of the European Economic Association in Sept. 1996, held at Fiesole and convened by the European University Institute. 320 $aIncludes bibliographical references (p. [265]-273) and indexes. 327 $aIntro -- Preface -- Contents -- Contributors -- 1. Introduction: From pipeline economics to computational economics -- Part I: Almost linear methods -- 2. Linear quadratic approximations: An introduction -- 3. A toolkit for analysing nonlinear dynamic stochastic models easily -- 4. Solving nonlinear rational expectations models by eigenvalue-eigenvector decompositions -- Part II: Nonlinear methods -- 5. Discrete state-space methods for the study of dynamic economies -- 6. Application of weighted residual methods to dynamic economic models -- 7. The parameterized expectations approach: Some practical issues -- 8. Finite-difference methods for continuous-time dynamic programming -- Part III: Solving some dynamic economies -- 9. Optimal fiscal policy in a linear stochastic economy -- 10. Computing models of social security -- 11. Computation of equilibria in heterogeneous-agent models -- References -- Subject index -- A -- B -- C -- D -- E -- F -- G -- H -- I -- J -- K -- L -- M -- N -- O -- P -- Q -- R -- S -- T -- U -- V -- W -- Author index -- A -- B -- C -- D -- E -- F -- G -- H -- I -- J -- K -- L -- M -- N -- O -- P -- R -- Q -- S -- T -- U -- V -- W -- X -- Y -- Z. 330 $aEconomists are increasingly using computer simulations to understand the implications of their theoretical models and to make policy recommendations. New model solution techniques are required to deal with the increasingly important role of dynamics and uncertainty in macroeconomics. This book consists of articles by leading contributors in the field showing how to use these techniques in the context of standard macroeconomic models. 410 0$aOxford scholarship online. 606 $aEquilibrium (Economics)$xMathematical models$vCongresses 606 $aMacroeconomics$xComputer simulation$vCongresses 606 $aMacroeconomics$xMathematical models$vCongresses 615 0$aEquilibrium (Economics)$xMathematical models 615 0$aMacroeconomics$xComputer simulation 615 0$aMacroeconomics$xMathematical models 676 $a339.01/51954 701 $aMarimon$b Ramon$f1953-$0595528 701 $aScott$b Andrew$0416125 712 02$aEuropean Economic Association.$bSummer School$d(7th :$f1996 :$eFiesole, Italy) 712 02$aEuropean University Institute. 712 02$aOxford University Press. 801 0$bMiAaPQ 801 1$bMiAaPQ 801 2$bMiAaPQ 912 $a9910962016503321 996 $aComputational methods for the study of dynamic economies$94462802 997 $aUNINA